000 00454nmm a2200169Ia 4500
008 251105s9999||||xx |||||||||||||||||und||
020 _a9788496356993
041 _aspa
100 _aVázquez Díaz, René
245 0 _aFlorina
264 _a[Madrid, España] :
_bMontesinos,
_c2007
300 _a144 páginas
490 _aNarrativa
650 _aLatin American narrative
856 _uhttps://public.digitaliapublishing.com/a/24427
942 _cCF
999 _c89834
_d89834